<?xml version="1.0" encoding="UTF-8"?>
<record
    xmlns:xsi="http://www.w3.org/2001/XMLSchema-instance"
    xsi:schemaLocation="http://www.loc.gov/MARC21/slim http://www.loc.gov/standards/marcxml/schema/MARC21slim.xsd"
    xmlns="http://www.loc.gov/MARC21/slim">

  <leader>01285nam a22002297a 4500</leader>
  <controlfield tag="003">OSt</controlfield>
  <controlfield tag="005">20210218094501.0</controlfield>
  <controlfield tag="008">210218s2015    ck a|||gr|||| 00| 0 spa d</controlfield>
  <datafield tag="020" ind1=" " ind2=" ">
    <subfield code="a">9789588438931</subfield>
  </datafield>
  <datafield tag="040" ind1=" " ind2=" ">
    <subfield code="a">CO-JMCR</subfield>
    <subfield code="c">CO-JMCR</subfield>
  </datafield>
  <datafield tag="041" ind1="0" ind2=" ">
    <subfield code="a">spa</subfield>
  </datafield>
  <datafield tag="082" ind1="0" ind2="4">
    <subfield code="a">352.379 / </subfield>
    <subfield code="b">N322g</subfield>
    <subfield code="2">23</subfield>
  </datafield>
  <datafield tag="100" ind1="1" ind2=" ">
    <subfield code="a">Navarro Susino, Consuelo, </subfield>
    <subfield code="e">autora</subfield>
    <subfield code="9">13597</subfield>
  </datafield>
  <datafield tag="245" ind1="1" ind2="0">
    <subfield code="a">Gu&#xED;a de autoprotecci&#xF3;n en justicia y paz / </subfield>
    <subfield code="c">Consuelo Navarro Susino, Nathalie Gendre, Ximena Ca&#xF1;as y [1 m&#xE1;s]</subfield>
  </datafield>
  <datafield tag="260" ind1=" " ind2=" ">
    <subfield code="a">Bogot&#xE1; : </subfield>
    <subfield code="b">Deutsche Gesellschaft F&#xFC;r International Zusammenarbeit : </subfield>
    <subfield code="b">Ministerio del Interior, </subfield>
    <subfield code="c">2015</subfield>
  </datafield>
  <datafield tag="300" ind1=" " ind2=" ">
    <subfield code="a">28 p&#xE1;ginas : </subfield>
    <subfield code="b">ilustraciones a color ; </subfield>
    <subfield code="c">24 cm.</subfield>
  </datafield>
  <datafield tag="505" ind1="0" ind2=" ">
    <subfield code="a">10 respuestas sobre protecci&#xF3;n en justicia y paz -- 10 respuestas sobre la Unidad  Nacional de Protecci&#xF3;n -- Recomendaciones generales para la protecci&#xF3;n -- Con la familia -- En la casa -- En el &#xE1;mbito social -- Comunicaciones -- En los desplazamientos -- En el carro -- En el taxi -- Caminando -- Seguridad procesal -- Medidas preventivas ante situaciones de extorsi&#xF3;n -- Autoridades y contactos &#xFA;tiles -- Tel&#xE9;fonos de emergencia</subfield>
  </datafield>
  <datafield tag="650" ind1="1" ind2="4">
    <subfield code="a">Seguridad ciudadana</subfield>
    <subfield code="v">gu&#xED;as</subfield>
    <subfield code="x">prevenci&#xF3;n</subfield>
    <subfield code="9">13598</subfield>
  </datafield>
  <datafield tag="700" ind1="1" ind2=" ">
    <subfield code="a">Gendre, Nathalie, </subfield>
    <subfield code="e">autora</subfield>
    <subfield code="9">13599</subfield>
  </datafield>
  <datafield tag="700" ind1="1" ind2=" ">
    <subfield code="a">Ca&#xF1;as, Ximena, </subfield>
    <subfield code="e">autora</subfield>
    <subfield code="9">13600</subfield>
  </datafield>
  <datafield tag="942" ind1=" " ind2=" ">
    <subfield code="2">ddc</subfield>
    <subfield code="c">BK</subfield>
  </datafield>
  <datafield tag="999" ind1=" " ind2=" ">
    <subfield code="c">7226</subfield>
    <subfield code="d">7226</subfield>
  </datafield>
  <datafield tag="952" ind1=" " ind2=" ">
    <subfield code="0">0</subfield>
    <subfield code="1">0</subfield>
    <subfield code="2">ddc</subfield>
    <subfield code="4">0</subfield>
    <subfield code="7">0</subfield>
    <subfield code="8">NFIC</subfield>
    <subfield code="a">CPL</subfield>
    <subfield code="b">CPL</subfield>
    <subfield code="d">2020-10-02</subfield>
    <subfield code="e">Donaci&#xF3;n</subfield>
    <subfield code="l">0</subfield>
    <subfield code="o">352.379 /  N322g</subfield>
    <subfield code="p">201810336</subfield>
    <subfield code="r">2024-05-16 00:00:00</subfield>
    <subfield code="t">Ej.1</subfield>
    <subfield code="w">2021-02-18</subfield>
    <subfield code="y">BK</subfield>
  </datafield>
</record>
